000 00834nam a22003017a 4500
005 20260325191927.0
008 170323b2009 xxu||||| |||| 00| 0 spa d
020 _a9788430948543
041 _aESP
082 _a364.36 L431a
100 _aLázaro González, Isabel
_941526
100 _aMolinero Moreno, Eduardo
_941527
245 _aAdolescencia, violencia escolar y bandas juveniles ¿que aporta el derecho
260 _aEspaña
260 _bTecnos
260 _c2009
300 _a279 paginas
490 _aInvestigación Criminal
650 _aDELINCUENCIA JUVENIL
650 _aVIOLENCIA ESCOLAR
650 _aMEDIACIÓN ESCOLAR
650 _aACOSO MORAL
650 _aENTORNO ESCOLAR
650 _aDISCIPLINA ESCOLAR
650 _aVIOLENCIA EN LOS JUVENES
650 _aJÓVENES
942 _cBK
_2ddc
999 _c9125
_d9125